Kerela panchayat raj act (Record no. 488299)

000 -LEADER
fixed length control field 00340cam a22001097a 4500
008 - FIXED-LENGTH DATA ELEMENTS--GENERAL INFORMATION
fixed length control field 180718b-- xxu||||| |||| 00| 0 eng d
082 ## - DEWEY DECIMAL CLASSIFICATION NUMBER
Classification number B71103x5453 A
100 ## - MAIN ENTRY--PERSONAL NAME
Personal name Kerala. Law Department
245 ## - TITLE STATEMENT
Title Kerela panchayat raj act
260 ## - PUBLICATION, DISTRIBUTION, ETC.
Place of publication, distribution, etc. Thiruvanthapuram
Name of publisher, distributor, etc. The author
Date of publication, distribution, etc. --
500 ## - GENERAL NOTE
General note Library has Act 32 of 1960 as on 12.3.1962;Act 13 of 1994
Holdings
Withdrawn status Lost status Damaged status Not for loan Permanent Location Current Location Date acquired Full call number Barcode Date last seen Price effective from Koha item type
        Indian Institute of Public Administration Indian Institute of Public Administration 2018-08-04 B71103x5453 A G2569 2018-08-04 2018-08-04 G
        Indian Institute of Public Administration Indian Institute of Public Administration 2018-08-04 B71103x5453 A GG27364 2018-08-04 2018-08-04 GG

Powered by Koha